Channing Tatum Filmography - Statistics

General Stats
  • This quiz has been taken 209 times
    70 since last reset
  • The average score is 22 of 84
Answer Stats
Type Year Name % Correct
Film 2014 22 Jump Street
79%
Film 2012 21 Jump Street
75%
Film 2012 Magic Mike
75%
Film 2006 Step Up
61%
Film 2024 Deadpool & Wolverine
54%
Film 2015 Magic Mike XXL
50%
Film 2006 She's the Man
50%
Film 2013 White House Down
46%
Film 2010 Dear John
43%
Film 2008 Step Up 2: The Streets
43%
Film 2014 The Lego Movie
43%
Film 2012 The Vow
43%
Film 2022 Dog
39%
Film 2023 Magic Mike's Last Dance
39%
Film 2019 The Lego Movie 2: The Second Part
39%
Film 2014 The Book of Life
36%
Film 2022 The Lost City
36%
Film 2026 Avengers: Doomsday
32%
Film 2024 Blink Twice
32%
Film 2022 Bullet Train
32%
Film 2015 Jupiter Ascending
32%
TV Show 2016 Lip Sync Battle
32%
Film 2025 Roofman
32%
TV Show 2012 Saturday Night Live
32%
Film 2018 Smallfoot
32%
Film 2017 The Lego Batman Movie
32%
Film 2009 Fighting
29%
Film 2024 Fly Me to the Moon
29%
Film 2016 Hail, Caesar!
29%
Film 2015 The Hateful Eight
29%
Film 2013 This Is the End
29%
Film 2005 Coach Carter
25%
Film 2014 Foxcatcher
25%
Film 2021 Free Guy
25%
Film 2017 Kingsman: The Golden Circle
25%
Film 2011 The Eagle
25%
Film 2005 War of the Worlds
25%
Film 2006 A Guide to Recognizing Your Saints
21%
Film 2021 America: The Motion Picture
21%
Film 2007 Battle in Seattle
21%
Film 2013 Don Jon
21%
Film 2012 Haywire
21%
Film TBA Josephine
21%
Film 2009 Public Enemies
21%
Film 2008 Stop-Loss
21%
Film 2011 The Dilemma
21%
TV Show 2014 The Simpsons
21%
Film 2011 The Son of No One
21%
Film 2011 10 Years
18%
Film 2025 Atropia
18%
Music Video 2017 Beautiful Trauma
18%
TV Show 2004 CSI: Miami
18%
Music Video 2006 Get Up
18%
Film 2013 G.I. Joe: Retaliation
18%
Film 2009 G.I. Joe: The Rise of Cobra
18%
Film 2005 Havoc
18%
Film 2017 Logan Lucky
18%
Film 2013 Side Effects
18%
Film 2005 Supercross
18%
Short Film 2007 The Trap
18%
Music Video 2006 (When You Gonna) Give It Up to Me
18%
Film TBA Bloodlines
14%
Video Game 2014 Book of Life: Sugar Smash
14%
Film TBA Calamity Hustle
14%
Web Series 2017 Comrade Detective
14%
Video Game 2014 Family Guy: The Quest for Stuff
14%
TV Show 2016 Idiotsitter
14%
Music Video 2013 (I Wanna) Channing All Over Your Tatum
14%
Music Video 2000 She Bangs
14%
Film TBA Soundtrack of Silence
14%
Web Series 2022 The Afterparty
14%
Film TBA The Isle of Man Tourist Trophy Race
14%
Film TBA Wingmen
14%
Music Video 2004 Hope
11%
Commercial 2000 Mountain Dew
11%
Documentary 2012 Nitro Circus: The Movie
11%
Commercial 2000 Pepsi
11%
Commercial 2000 Budweiser
7%
Short Film 2010 Morgan and Destiny's Eleventh Date: The Zeppelin Zoo
7%
TV Short 2006 On the Set: Step Up
7%
TV Show 2014, 2019 Running Wild with Bear Grylls
7%
TV Special 2006 Step Up BET Music Special
7%
Documentary Series 2025 Welcome to Wrexham
7%
Film TBA Alpha Gang
4%
No matching quizzes found
Score Distribution
Percent of People with Each Score
Percentile by Number Answered
Your Score History
You have not taken this quiz since the last reset